Λυρικός βίος

Αποθηκεύτηκε σε:
Λεπτομέρειες βιβλιογραφικής εγγραφής
Κύριος συγγραφέας: Σικελιανός, Άγγελος, 1884-1951
Άλλοι συγγραφείς: Σαββίδης, Γιώργος Π., 1929-1995 (Επιμελητής έκδοσης)
Μορφή: Βιβλίο
Γλώσσα:Greek
Δημοσίευση: Αθήνα : Ίκαρος, 1975-1981.
Έκδοση:2η έκδ.
Θέματα:
Ετικέτες: Προσθήκη ετικέτας
Δεν υπάρχουν, Καταχωρήστε ετικέτα πρώτοι!

MARC

LEADER 00000cam a2200000 a 4500
001 1/112849
008 170127m19751981gr | ||| |||| ||gre||
040 |a GR-MyUa  |b gre  |c GR-MyUa  |e AACR2 
041 0 |a gre 
082 7 |a 889.1   |2 (23) 
100 1 |a Σικελιανός, Άγγελος,   |d 1884-1951. 
240 1 0 |a Άπαντα.   |n I-VI 
245 1 0 |a Λυρικός βίος /   |c Άγγελου Σικελιανού ; φιλολογική επιμέλεια Γ.Π. Σαββίδης.  
250 |3 Τόμ. 1, 3, 4  |a 2η έκδ. 
260 |a Αθήνα :   |b Ίκαρος,   |c 1975-1981.  
300 |a 6 τ. ;   |c 20 εκ.  
505 8 |a Τόμ. 1. Πρόλογος, Αλαφροΐσκιωτος, Ραψωδίες του Ιονίου -- τόμ. 2. Λυρικά (σειρά πρώτη) -- τόμ. 3. Πρόλογος στη ζωή -- τόμ. 4. Μήτηρ Θεού, Πάσχα των Ελλήνων, Δελφικός λόγος [η αφιέρωση] -- τόμ. 5. Λυρικά (σειρά δεύτερη) -- τόμ. 6. Άγνωστα & ανέκδοτα ποιήματα (1902-1951).  
650 0 |a Greek poetry. 
700 1 |a Σαββίδης, Γιώργος Π.,   |d 1929-1995,  |e edt 
852 |a INST  |b SYROS  |e 20170127  |h 889.1 ΣΙΚ  |p 005500012872  |q 005500012872  |t BK  |v τομ.1:  |y 0 
852 |a INST  |b SYROS  |e 20170127  |h 889.1 ΣΙΚ  |p 005500012873  |q 005500012873  |t BK  |v τομ.2:  |y 0 
852 |a INST  |b SYROS  |e 20170127  |h 889.1 ΣΙΚ  |p 005500012874  |q 005500012874  |t BK  |v τομ.3:  |y 0 
852 |a INST  |b SYROS  |e 20170127  |h 889.1 ΣΙΚ  |p 005500012875  |q 005500012875  |t BK  |v τομ.4:  |y 0 
852 |a INST  |b SYROS  |e 20170127  |h 889.1 ΣΙΚ  |p 005500012876  |q 005500012876  |t BK  |v τομ.5:  |y 0 
852 |a INST  |b SYROS  |e 20170127  |h 889.1 ΣΙΚ  |p 005500012877  |q 005500012877  |t BK  |v τομ.6:  |y 0 
853 |a INST  |b SYROS  |h 889.1 ΣΙΚ 
970 |a Κοντού  |b Παρασκευή  |z 27/01/2017